GETS Theological Seminary Library

Cong ming lan ren xue (Record no. 41548)

MARC details
000 -LEADER
fixed length control field 01663nam a2200361 i 4500
001 - CONTROL NUMBER
control field P20210521158
008 - FIXED-LENGTH DATA ELEMENTS--GENERAL INFORMATION
fixed length control field 220825s2020 ch a s 000 0 chi d
020 ## - INTERNATIONAL STANDARD BOOK NUMBER
International Standard Book Number 9789869881920
050 #4 - LIBRARY OF CONGRESS CALL NUMBER
Classification number HF5386
Item number J575 2020
100 1# - MAIN ENTRY--PERSONAL NAME
Linkage 880-01
Personal name Ji, Ping.
245 10 - TITLE STATEMENT
Linkage 880-02
Title Cong ming lan ren xue
Medium [electronic resource] :
Remainder of title bu xia mang, sheng shi jian, dong si kao, 40 ze jie li shi li gong zuo shu /
Statement of responsibility, etc. Ji Ping zhu.
246 1# - VARYING FORM OF TITLE
Display text Cover English title :
Title proper/short title The indolence economy
246 1# - VARYING FORM OF TITLE
Linkage 880-03
Display text Original title :
Title proper/short title Lan jing ji
246 30 - VARYING FORM OF TITLE
Linkage 880-04
Title proper/short title Bu xia mang, sheng shi jian, dong si kao, 40 ze jie li shi li gong zuo shu
250 ## - EDITION STATEMENT
Linkage 880-05
Edition statement Chu ban.
260 ## - PUBLICATION, DISTRIBUTION, ETC.
Linkage 880-06
Place of publication, distribution, etc. Xinbei Shi :
Name of publisher, distributor, etc. Fang zhou wen hua,
Date of publication, distribution, etc. 2020.
300 ## - PHYSICAL DESCRIPTION
Extent 271 p. :
Other physical details ill.
490 1# - SERIES STATEMENT
Linkage 880-07
Series statement Zhi chang fang zhou ;
Volume/sequential designation 4005
533 ## - REPRODUCTION NOTE
Type of reproduction Electronic reproduction.
Place of reproduction New Taipei City :
Agency responsible for reproduction Airiti.
Note about reproduction System requirements: iRead eBook.
-- Available via World Wide Web.
650 #0 - SUBJECT ADDED ENTRY--TOPICAL TERM
Topical term or geographic name entry element Success in business.
650 #0 - SUBJECT ADDED ENTRY--TOPICAL TERM
Topical term or geographic name entry element Time management.
830 #0 - SERIES ADDED ENTRY--UNIFORM TITLE
Linkage 880-08
Uniform title Zhi chang fang zhou ;
Volume/sequential designation 4005.
856 40 - ELECTRONIC LOCATION AND ACCESS
Uniform Resource Identifier <a href="https://www.airitibooks.com/Detail/Detail?PublicationID=P20210521158">https://www.airitibooks.com/Detail/Detail?PublicationID=P20210521158</a>
880 1# - ALTERNATE GRAPHIC REPRESENTATION
Linkage 100-01/
--
a 紀坪.
880 10 - ALTERNATE GRAPHIC REPRESENTATION
Linkage 245-02/
--
a 聰明懶人學
h [electronic resource] :
b 不瞎忙, 省時間, 懂思考, 40則借力使力工作術 /
c 紀坪著.
880 1# - ALTERNATE GRAPHIC REPRESENTATION
Linkage 246-03/
--
i Original title :
a 懶經濟.
880 30 - ALTERNATE GRAPHIC REPRESENTATION
Linkage 246-04/
--
a 不瞎忙, 省時間, 懂思考, 40則借力使力工作術
880 ## - ALTERNATE GRAPHIC REPRESENTATION
Linkage 250-05/
--
a 初版.
880 ## - ALTERNATE GRAPHIC REPRESENTATION
Linkage 260-06/
--
a 新北市 :
b 方舟文化,
c 2020.
880 1# - ALTERNATE GRAPHIC REPRESENTATION
Linkage 490-07/
--
a 職場方舟 ;
v 4005
880 #0 - ALTERNATE GRAPHIC REPRESENTATION
Linkage 830-08/
--
a 職場方舟 ;
v 4005.

No items available.

OpacCredits

Contact the Librarian, GETS Library
Email: library@mygets.org









Implemented by GETS Library
(Powered by ETCA Professional Group)
GETS Theological Seminary
412 E. Rowland Street, CA 91723